Score 0/7 Timer 03:00
0 Plays Today
Question Answer Wrong Answers
Albert DeSalvo, better known as the Boston _______, is sentenced to life in prison for his crimes.
1967
Strangler
94.2%
Axe Man
1.5%
Maniac
1.9%
Stalker
1.6%
This author of The Jungle Book dies in London at age 70.
1936
Rudyard Kipling
92.2%
Robert Louis Stevenson
3.5%
Jules Verne
1.2%
T. S. Eliot
2.9%
This comic actor and partner of Stan Laurel is born in Harlem, Georgia.
1892
Oliver Hardy
91.3%
Charlie Chaplin
3.3%
Lou Costello
3.5%
Groucho Marx
1.9%
This woman files for divorce from Michael Jackson, citing irreconcilable differences.
1996
Lisa Marie Presley
90.5%
Tatum O'Neal
2.4%
Brooke Shields
4.1%
Nancy Sinatra
1.2%
This Sherman Hemsley sitcom, with 'Movin' On Up' as its theme song, debuts on CBS.
1975
The Jeffersons
77.8%
Good Times
9.4%
What's Happening!!
3%
Sanford and Son
8.3%
The BBC airs the final episode of ________ featuring John Cleese. The show would continue for just six more episodes without him.
1973
Monty Python's Flying Circus
70.2%
Fawlty Towers
25.9%
The Frost Report
2%
How to Irritate People
0.8%
Boris Becker of _______ and Omar Camporese of Italy play a 5 hour 11 minute long match, setting the record for the longest match at the Australian Open.
1991
Germany
65%
Sweden
20.8%
England
4.4%
Russia
8%
Remove Ads.
Support Sporcle.
Get the best of Sporcle when you Go Orange. This ad-free experience offers more features, more stats, and more fun while also helping to support Sporcle. Thank you for becoming a member.

You're not logged in!

Compare scores with friends on all Sporcle quizzes.
OR
Log In

Show Comments

Extras

Top Quizzes Today


Score Distribution

Your Account Isn't Verified!

In order to create a playlist on Sporcle, you need to verify the email address you used during registration. Go to your Sporcle Settings to finish the process.

Report this User

Report this user for behavior that violates our Community Guidelines.

Details: